[Event "Novosibirsk Region-ch sf"]
[Site "Novosibirsk"]
[Date "2010.10.16"]
[Round "1"]
[White "Vshivkov, Vitaly"]
[Black "Nikitin, Gennady Sergeevich"]
[Result "0-1"]
[WhiteElo "1842"]
[BlackElo "2109"]
[PlyCount "42"]
[EventDate "2010.??.??"]
[EventType "swiss"]
[EventRounds "9"]
[EventCountry "RUS"]
[SourceTitle "EXT 2014"]
[Source "ChessBase"]
[SourceDate "2013.11.20"]
[SourceVersion "1"]
[SourceVersionDate "2013.11.20"]
[SourceQuality "1"]

1. d4 Nf6 2. c4 c5 3. e3 g6 4. Nc3 Bg7 5. Be2 0-0 6. Nf3 d6 7. 0-0 Nc6 8. d5 Na5 9. Qc2 a6 10. b3 b5 11. Bb2 bxc4 12. bxc4 Rb8 13. Rab1 Bf5 14. e4 Nxe4 15. Bd3 Rxb2 16. Rxb2 Nxc3 17. Bxf5 gxf5 18. Qxf5 Qc8 19. Qc2 Qg4 20. Rb6 Qxc4 21. Ng5 Ne2+ 0-1

[Event "Novosibirsk Region-ch"]
[Site "Novosibirsk"]
[Date "2009.12.05"]
[Round "2"]
[White "Bublei, Pavel"]
[Black "Nikitin, Gennady Sergeevich"]
[Result "0-1"]
[WhiteElo "2237"]
[BlackElo "2120"]
[PlyCount "80"]
[EventDate "2009.12.04"]
[EventType "swiss"]
[EventRounds "9"]
[EventCountry "RUS"]
[SourceTitle "EXT 2011"]
[Source "ChessBase"]
[SourceDate "2010.11.26"]
[SourceVersion "1"]
[SourceVersionDate "2010.11.26"]
[SourceQuality "1"]

1. d4 Nf6 2. Nf3 e6 3. Bg5 d5 4. e3 Be7 5. c4 h6 6. Bh4 0-0 7. Nc3 b6 8. cxd5 Nxd5 9. Bg3 Bb7 10. Bd3 c5 11. Nxd5 Bxd5 12. 0-0 cxd4 13. Nxd4 Bd6 14. Bxd6 Qxd6 15. Nb5 Qe7 16. Qe2 Bb7 17. Rac1 Nc6 18. Be4 Rac8 19. Rfd1 Rfd8 20. f3 a6 21. Rxd8+ Nxd8 22. Rxc8 Bxc8 23. Nd4 Qc5 24. Bc2 g6 25. Qd2 Qe7 26. Bb3 Kg7 27. Ne2 Bb7 28. Nf4 e5 29. Ne2 Bc8 30. Nc3 Be6 31. Bd5 Bxd5 32. Qxd5 Ne6 33. h4 h5 34. Kf2 b5 35. a3 Qc5 36. Ke2 Qxd5 37. Nxd5 Kf8 38. Kd3 f5 39. Kc3 a5 40. b3 Ke8 0-1

[Event "Novosibirsk Region-ch Seniors"]
[Site "Novosibirsk"]
[Date "2009.02.??"]
[Round "1"]
[White "Stepanenko, Leonid"]
[Black "Nikitin, Gennady Sergeevich"]
[Result "0-1"]
[WhiteElo "1884"]
[BlackElo "2136"]
[PlyCount "62"]
[EventDate "2009.02.??"]
[EventType "swiss"]
[EventRounds "9"]
[EventCountry "RUS"]
[SourceTitle "EXT 2012"]
[Source "ChessBase"]
[SourceDate "2011.11.24"]
[SourceVersion "1"]
[SourceVersionDate "2011.11.24"]
[SourceQuality "1"]

1. c4 c5 2. Nc3 Nf6 3. g3 d5 4. cxd5 Nxd5 5. Bg2 Nc7 6. e3 Nc6 7. Nge2 e5 8. 0-0 Be7 9. b3 0-0 10. Bb2 f6 11. Rc1 Rb8 12. a3 Be6 13. Na4 Na6 14. d4 cxd4 15. exd4 Nxd4 16. Nxd4 exd4 17. Re1 Bf7 18. Re4 Re8 19. Rxd4 Qa5 20. b4 Nxb4 21. Bc3 b5 22. Bxb4 Bxb4 23. axb4 Qxa4 24. Qxa4 bxa4 25. Rc7 Rbd8 26. Rxd8 Rxd8 27. Bc6 a3 28. Rxa7 a2 29. Kg2 Bc4 30. Bb5 Bxb5 31. Rxa2 Rd4 0-1

[Event "Novosibirsk Region-ch Seniors"]
[Site "Novosibirsk"]
[Date "2009.02.??"]
[Round "3"]
[White "Volkov, Petr"]
[Black "Nikitin, Gennady Sergeevich"]
[Result "0-1"]
[WhiteElo "2024"]
[BlackElo "2136"]
[PlyCount "56"]
[EventDate "2009.02.??"]
[EventType "swiss"]
[EventRounds "9"]
[EventCountry "RUS"]
[SourceTitle "EXT 2012"]
[Source "ChessBase"]
[SourceDate "2011.11.24"]
[SourceVersion "1"]
[SourceVersionDate "2011.11.24"]
[SourceQuality "1"]

1. e4 c5 2. Nc3 Nc6 3. g3 g6 4. Bg2 Bg7 5. d3 d6 6. f4 e6 7. Be3 Nge7 8. Nf3 Nd4 9. 0-0 0-0 10. h3 Rb8 11. g4 f5 12. Qd2 b5 13. a3 a5 14. Qf2 b4 15. axb4 axb4 16. Nd1 Nxf3+ 17. Bxf3 Bb7 18. Kh2 Ra8 19. Rxa8 Bxa8 20. Re1 e5 21. gxf5 gxf5 22. Rg1 Ng6 23. exf5 Bxf3 24. fxg6 Bxd1 25. gxh7+ Kxh7 26. Qg3 Qf6 27. fxe5 Qxe5 28. Rxd1 Rf3 0-1

[Event "SFR-ch Seniors"]
[Site "Novosibirsk"]
[Date "2008.10.15"]
[Round "8"]
[White "Bogachev, Alexandr"]
[Black "Nikitin, Gennady Sergeevich"]
[Result "0-1"]
[WhiteElo "2131"]
[BlackElo "2140"]
[PlyCount "82"]
[EventDate "2008.10.08"]
[EventType "swiss"]
[EventRounds "9"]
[EventCountry "RUS"]
[SourceTitle "EXT 2022"]
[Source "ChessBase"]
[SourceDate "2021.10.06"]
[SourceVersion "1"]
[SourceVersionDate "2021.10.06"]
[SourceQuality "1"]

1. d4 Nf6 2. Nd2 g6 3. e4 d6 4. Be2 Bg7 5. Ngf3 0-0 6. 0-0 Nc6 7. c3 e5 8. d5 Ne7 9. c4 Nd7 10. a4 a5 11. Ra3 Nc5 12. Ne1 f5 13. f3 f4 14. Nb3 Nd7 15. Bd2 b6 16. Nd3 g5 17. g3 Ng6 18. Rf2 Nf6 19. Kh1 Bd7 20. Be1 Kh8 21. Rg2 Qe8 22. Nd2 h6 23. Ra2 Kh7 24. b3 Rg8 25. Nf1 g4 26. Nf2 h5 27. h3 h4 28. Nxg4 hxg3 29. Nxg3 fxg3 30. Bxg3 Nh5 31. Bf2 Bh6 32. Qe1 Ngf4 33. Rh2 Qf7 34. Bf1 Raf8 35. Be3 Bg7 36. Qh4 Bf6 37. Qe1 Qe7 38. h4 Bg7 39. Rac2 Nf6 40. Bxf4 exf4 41. Nxf6+ Bxf6 0-1

[Event "Novosibirsk-ch"]
[Site "Novosibirsk"]
[Date "2008.02.26"]
[Round "4"]
[White "Nikitin, Gennady Sergeevich"]
[Black "Makarevich, Julia"]
[Result "1-0"]
[WhiteElo "2116"]
[BlackElo "1941"]
[PlyCount "55"]
[EventDate "2008.02.22"]
[EventType "swiss"]
[EventRounds "9"]
[EventCountry "RUS"]
[SourceTitle "CBM 123 Extra"]
[Source "ChessBase"]
[SourceDate "2008.05.06"]
[SourceVersion "1"]
[SourceVersionDate "2008.05.06"]
[SourceQuality "1"]

1. e4 c5 2. Nf3 e6 3. Nc3 Nc6 4. d4 cxd4 5. Nxd4 Qc7 6. Be3 a6 7. Bd3 Nf6 8. 0-0 Be7 9. Kh1 0-0 10. f4 d6 11. a4 Re8 12. Nb3 b6 13. g4 d5 14. e5 Nd7 15. Nd4 Bc5 16. Nce2 Nb4 17. c3 Nxd3 18. Qxd3 Nf8 19. Rf3 f6 20. b4 Be7 21. exf6 gxf6 22. Rh3 Qb7 23. Kg1 Bd8 24. Rf1 Re7 25. Rff3 e5 26. fxe5 fxe5 27. Nf5 e4 28. Nh6+ 1-0

[Event "Novosibirsk-ch"]
[Site "Novosibirsk"]
[Date "2008.02.25"]
[Round "3"]
[White "Petrukhin, Denis"]
[Black "Nikitin, Gennady Sergeevich"]
[Result "1-0"]
[WhiteElo "2420"]
[BlackElo "2116"]
[PlyCount "59"]
[EventDate "2008.02.22"]
[EventType "swiss"]
[EventRounds "9"]
[EventCountry "RUS"]
[SourceTitle "CBM 123 Extra"]
[Source "ChessBase"]
[SourceDate "2008.05.06"]
[SourceVersion "1"]
[SourceVersionDate "2008.05.06"]
[SourceQuality "1"]

1. e4 c5 2. Ne2 d6 3. Nbc3 Nf6 4. d4 cxd4 5. Nxd4 a6 6. h3 e6 7. g4 d5 8. Bg2 Bb4 9. Bd2 Nc6 10. a3 Ba5 11. Nb3 Bb6 12. Qe2 d4 13. Na4 Ba7 14. Nac5 0-0 15. 0-0-0 Nd7 16. Nd3 a5 17. Kb1 Qc7 18. f4 b5 19. e5 Bb6 20. f5 Bb7 21. Rde1 Rac8 22. Bf4 Nd8 23. f6 b4 24. a4 Bxg2 25. Qxg2 Qc6 26. Qf2 g6 27. h4 Re8 28. h5 Nf8 29. Qd2 Rc7 30. Bg3 1-0